Revolution in Central America

محفوظ في:
التفاصيل البيبلوغرافية
مؤلف مشترك: Stanford Central America Action Network
التنسيق: نص
منشور في: Colorado: Westview Press
الوسوم: إضافة وسم
لا توجد وسوم, كن أول من يضع وسما على هذه التسجيلة!

MARC

LEADER 00000 a a2200000 04500
001 22418
003
040
090 |a 152900  
110 |a Stanford Central America Action Network  
245 |a Revolution in Central America  
260 |a Colorado:   |b Westview Press  
300 |a 497 p  
999 |c 15860  |d 15860